000 00453nam a2200193Ia 4500
003 0100
008 130227s9999 xx 000 0 und d
040 _cARRUPELIB
050 _aBL240.3.L36
100 _aLancaster, Brian L.
245 _aApproaches to consciousness
245 _bthe marriage of science and mysticism
260 _aNew York
260 _bPalgrave
260 _C2004
300 _a341p.
300 _b 23 cm
942 _2lcc
_02
999 _c3346
_d3346